| 000 | 00718nam a22002657a 4500 | ||
|---|---|---|---|
| 003 | BD-DhJNU | ||
| 005 | 20251027071433.0 | ||
| 008 | 250317b |||||||| |||| 00| 0 eng d | ||
| 020 | _a0415325056 | ||
| 020 | _a0203487974 | ||
| 020 | _a9780415325059 | ||
| 040 |
_aBD-DhJNU _bENG _cBD-DhJNU _dBD-DhJNU |
||
| 082 |
_223 _a190 RUS |
||
| 100 | _aRussell, Bertrand | ||
| 245 |
_aHistory of Western Philosophy / _cBertrand Russell |
||
| 250 | _a2nd ed. | ||
| 260 |
_aLondon : _bRoutledge Classics, _c2010. |
||
| 300 |
_a778p. : _bill. ; _c22 cm. |
||
| 490 | _aRoutledge classics | ||
| 504 | _aIncludes index | ||
| 650 | _aHistory | ||
| 650 | _aPhilosophie History | ||
| 650 | _aPhilosophy | ||
| 942 |
_2ddc _cBK _n0 |
||
| 999 |
_c1491 _d1491 |
||